| 000 -LEADER |
| fixed length control field |
01613 a2200217 4500 |
| 003 - CONTROL NUMBER IDENTIFIER |
| control field |
Nust |
| 005 - DATE AND TIME OF LATEST TRANSACTION |
| control field |
20221013190829.0 |
| 010 ## - LIBRARY OF CONGRESS CONTROL NUMBER |
| LC control number |
90023040 |
| 020 ## - INTERNATIONAL STANDARD BOOK NUMBER |
| International Standard Book Number |
0023426055 |
| 040 ## - CATALOGING SOURCE |
| Transcribing agency |
Nust |
| 082 00 - DEWEY DECIMAL CLASSIFICATION NUMBER |
| Classification number |
604.2,GIE |
| 100 ## - MAIN ENTRY--PERSONAL NAME |
| Personal name |
Frederick E. Giesecke ... [et al.]. |
| 9 (RLIN) |
100241 |
| 245 00 - TITLE STATEMENT |
| Title |
Technical drawing / |
| Statement of responsibility, etc. |
Frederick E. Giesecke ... [et al.]. |
| 250 ## - EDITION STATEMENT |
| Edition statement |
9th ed. |
| 260 ## - PUBLICATION, DISTRIBUTION, ETC. |
| Place of publication, distribution, etc. |
New York : |
| Name of publisher, distributor, etc. |
Macmillan Pub. Co. ; |
| Place of publication, distribution, etc. |
Toronto : |
| Name of publisher, distributor, etc. |
Collier Macmillan Canada, |
| Date of publication, distribution, etc. |
c1991. |
| 300 ## - PHYSICAL DESCRIPTION |
| Extent |
ix, 938, [104] p. : |
| Other physical details |
ill. (some col.) ; |
| Dimensions |
26 cm. |
| 505 ## - FORMATTED CONTENTS NOTE |
| Formatted contents note |
The Graphics Language And Design(Page-1), Instrumental Drawing (Page-11),Introduction To Cad(Page-59),Lettering(Page-95),Geometric Constructions(Page-119),Sketching And Shape(Page-163),Multi View Projection(Page-197),Using A Cad System(Page-251),Sectional Views(Page-285),Auxiliary Views(Page-315),Revelations(Page-343),Manufacturing Processes (Page-359),Dimensioning(Page-391),Tolerancing(Page-433),Threads Fasteners And Springs(Page-467), Design And Working Drawing(Page-509),Reproduction And Control Of Drawings(Page-591),Axonometric Projection (Page-601),Oblique Projection(Page-639),Perspective(Page-657),Intersection Ad Developments (Page-683),Gearing And Cams(Page-715),Electronic Diagrams(Page-741),Structural Drawing(Page-765),Topographic Drawing Ad Mapping(Page-787),Piping Drawing(Page-803),Welding Representation(Page-817),Graphs And Diagrams(Page-833),Alignment Charts(Page-869),Empirical Equations(Page-897),Graphical Mathematics(Page-917). |
| 650 #0 - SUBJECT ADDED ENTRY--TOPICAL TERM |
| Topical term or geographic name entry element |
Mechanical drawing. |
| 700 1# - ADDED ENTRY--PERSONAL NAME |
| Personal name |
Giesecke, Frederick E. |
| Dates associated with a name |
1869-1953. |
| 9 (RLIN) |
100242 |
| 942 ## - ADDED ENTRY ELEMENTS (KOHA) |
| Source of classification or shelving scheme |
|
| Koha item type |
Book |